000
00337 a2200157 4500
001
174816
020
_a
040
_c
Magnum
100
_a
Mott, Odete de Barros
240
1
0
_a
Os coelhinhos detetives
_l
por
245
1
0
_a
Os coelhinhos detetives
362
0
_a
1899
440
1
_a
Melhoramentos
697
_a
IJ/FABULAS
942
_c
BK
999
_c
174816
_d
174816